| 000 | 00720nam a2200229 a 4500 | ||
|---|---|---|---|
| 001 | 996 | ||
| 003 | CDMR | ||
| 005 | 20130919115437.0 | ||
| 008 | 130130s2008||||sp |||||||||||||||||c |d | ||
| 020 | _a9788493343491 | ||
| 040 |
_aCDMR _bcat _cCPC GIRONA |
||
| 245 | 1 | 3 |
_aEl món segons Manuel Vázquez Montalbán _cCarles Geli, Marcel Mauri |
| 260 |
_bDiputació de Barcelona _aBarcelona |
||
| 260 |
_c2008 _bCol·legi de Periodistes de Barcelona. |
||
| 300 | _a407 p. | ||
| 490 | 0 |
_aVaixells de Paper _v33 |
|
| 600 | 1 |
_9766 _aVázquez Montalbán, Manuel _xCrítica i interpretació |
|
| 650 | 0 | 4 |
_94 _aPeriodistes catalans |
| 700 | 1 |
_9781 _aGeli, Carles _eed. |
|
| 700 | 1 |
_93999 _aMauri, Marcel _d1977- _eed. |
|
| 942 |
_cMON _2udc |
||
| 999 |
_c996 _d996 |
||